[Event "?"]
[Site "ICS unrated blitz match, 164."]
[Date "1997.??.??"]
[Round "?"]
[White "Brause"]
[Black "RedBaron"]
[Result "1/2-1/2"]
[WhiteElo "2280"]
[BlackElo "2245"]
[PlyCount "83"]

1. e4 e5 2. Nf3 Nc6 3. Nc3 Nf6 4. Nxe5 Nxe5 5. d4 Ng6 6. e5 Ng8 7. Bc4 Bb4 8.
Qf3 Qe7 9. O-O Bxc3 10. bxc3 Nh6 11. g3 O-O 12. Qh5 d6 13. Bxh6 gxh6 14. f4
dxe5 15. f5 Qg5 16. Qxg5 hxg5 17. fxg6 hxg6 18. dxe5 Bf5 19. Bd3 Be6 20. Be4
Rfd8 21. Bxb7 Rab8 22. Rfb1 Rd2 23. Be4 Rb6 24. Rxb6 axb6 25. Re1 Bxa2 26. Bd3
Bd5 27. Re2 Rxe2 28. Bxe2 Kf8 29. c4 Be6 30. Kf2 Ke7 31. c3 Kd7 32. Ke3 Bf5 33.
g4 Bc2 34. Bf3 Ke6 35. Bd5+ Kxe5 36. Bxf7 c5 37. Be8 Bd1 38. Bd7 Bb3 39. Bb5
Bc2 40. Be8 Be4 41. Bf7 Bc2 42. Be8 1/2-1/2

[Event "?"]
[Site "ICS unrated bullet match, 192"]
[Date "1997.??.??"]
[Round "?"]
[White "Brause"]
[Black "Banzai"]
[Result "1-0"]
[WhiteElo "2510"]
[BlackElo "1650"]
[PlyCount "112"]

1. e4 e5 2. Nf3 Nc6 3. Nc3 Nf6 4. Nxe5 Nxe5 5. d4 Ng6 6. e5 Ng8 7. Bc4 Bb4 8.
Qf3 Qe7 9. O-O Bxc3 10. bxc3 a5 11. Bd5 c6 12. Be4 d5 13. exd6 Qxd6 14. a4 Be6
15. Rb1 Qd7 16. Ba3 N8e7 17. Bxg6 hxg6 18. Qg3 O-O 19. Qd6 Qxd6 20. Bxd6 Rfe8
21. Rxb7 Nd5 22. Rb3 Nf6 23. Rb6 Ne4 24. Rxc6 Rac8 25. Rb6 Nxc3 26. Rb7 Nxa4
27. Ra7 Rxc2 28. Rxa5 Nc3 29. Bc5 Bc4 30. Rfa1 Ree2 31. d5 Nxd5 32. g3 Nf6 33.
Bb6 Ne4 34. Ra8+ Kh7 35. Rc8 Nxf2 36. Bxf2 Rxf2 37. Rxc4 Rg2+ 38. Kf1 Rxh2 39.
Rxc2 Rxc2 40. Ra7 f6 41. Ra4 g5 42. Ra7 Kg6 43. Rd7 Rc5 44. Ke2 f5 45. Rd6+ Kh5
46. Rd4 Rc3 47. Kf2 g6 48. Rb4 g4 49. Rb2 g5 50. Rb5 f4 51. gxf4 Rf3+ 52. Kg2
Rxf4 53. Rb8 g3 54. Kxg3 Rg4+ 55. Kf3 Rf4+ 56. Kg3 Rg4+ 1-0

[Event "?"]
[Site "Internet Chess Club (-)"]
[Date "1997.??.??"]
[Round "?"]
[White "Brause"]
[Black "Slivovitz"]
[Result "1-0"]
[WhiteElo "2365"]
[BlackElo "2225"]
[PlyCount "36"]

1. e4 e5 2. Nf3 Nc6 3. Nc3 Nf6 4. Nxe5 Nxe5 5. d4 Ng6 6. e5 Ng8 7. Bc4 d6 8.
Qf3 Qd7 9. O-O Qf5 10. Qe2 Be6 11. d5 Qxe5 12. dxe6 fxe6 13. Bxe6 Qxe2 14. Nxe2
Ke7 15. Nd4 Re8 16. Bg5+ Nf6 17. Rfe1 Kd8 18. Bf5 Ne5 1-0

[Event "?"]
[Site "fics rated blitz game, fics, "]
[Date "1997.??.??"]
[Round "?"]
[White "Brause"]
[Black "Quart"]
[Result "0-1"]
[WhiteElo "2370"]
[BlackElo "2570"]
[PlyCount "178"]

1. e4 e5 2. Nf3 Nc6 3. Nc3 Nf6 4. Nxe5 Nxe5 5. d4 Ng6 6. e5 Ng8 7. Bc4 Bb4 8.
Qf3 Bxc3+ 9. bxc3 Qe7 10. O-O Rb8 11. Re1 b6 12. Qg3 Bb7 13. Bg5 Qa3 14. e6
fxe6 15. Bxe6 dxe6 16. Qxc7 N8e7 17. Qxb8+ Bc8 18. Rxe6 O-O 19. Ree1 Qxc3 20.
Qxa7 Nc6 21. Qxb6 Nxd4 22. Rad1 Nxc2 23. Re2 Bf5 24. Qb3+ Qxb3 25. axb3 h6 26.
Bd8 Nf4 27. Red2 Bg4 28. f3 Ne3 29. Be7 Rf7 30. Re1 Nexg2 31. Re5 Bxf3 32. Rd8+
Kh7 33. Rf8 Rxf8 34. Bxf8 Nh4 35. Re3 Bd5 36. Kf2 Nf5 37. Rc3 Ne6 38. Ba3 Kg6
39. Bc1 Nd6 40. Rd3 Ne4+ 41. Ke1 Nf6 42. b4 Bc4 43. Rc3 Bb5 44. Bb2 Nd5 45.
Rg3+ Kf5 46. Bxg7 h5 47. Kf2 Bc6 48. Bh6 Nxb4 49. Rh3 Be8 50. Rf3+ Ke4 51. Re3+
Kd5 52. Bf8 Nc6 53. Rd3+ Ncd4 54. Ke3 Kc4 55. Bd6 Nf5+ 56. Kd2 Bc6 57. Rc3+ Kd5
58. Ba3 Ned4 59. Bc5 Ke4 60. h3 Bb5 61. Ke1 Bd3 62. Bxd4 Kxd4 63. Kd2 Be4 64.
Rb3 Bg2 65. Ra3 Nd6 66. Rd3+ Ke5 67. Rb3 Kf4 68. Ke2 Ne4 69. h4 Kg4 70. Ke3
Kxh4 71. Kf4 Ng5 72. Re3 Bh3 73. Rc3 Bg4 74. Ke5 Nf3+ 75. Kf4 Nd4 76. Ke4 Ne6
77. Ke5 Kg5 78. Rc8 Nf4 79. Rc4 Ng6+ 80. Kd4 h4 81. Rc2 h3 82. Rf2 Kh4 83. Rb2
Kg3 84. Rb3+ Bf3 85. Rb8 h2 86. Rg8 h1=Q 87. Rxg6+ Kf4 88. Rf6+ Kg5 89. Rf7 Bd5
0-1

[Event "?"]
[Site "fics rated blitz game, fics, "]
[Date "1997.??.??"]
[Round "?"]
[White "Brause"]
[Black "solitaire"]
[Result "1-0"]
[WhiteElo "2355"]
[BlackElo "1965"]
[PlyCount "37"]

1. e4 e5 2. Nf3 Nc6 3. Nc3 Nf6 4. Nxe5 Nxe5 5. d4 Ng6 6. e5 Be7 7. Bc4 d5 8.
exf6 dxc4 9. fxe7 Qxe7+ 10. Be3 c6 11. d5 O-O 12. dxc6 bxc6 13. O-O Rb8 14. Rb1
a5 15. Re1 Qf6 16. Ne4 Qh4 17. f3 Be6 18. Bg5 Qh5 19. g4 1-0

[Event "?"]
[Site "fics rated blitz game, fics, "]
[Date "1997.??.??"]
[Round "?"]
[White "Brause"]
[Black "solitaire"]
[Result "0-1"]
[WhiteElo "2360"]
[BlackElo "1960"]
[PlyCount "98"]

1. e4 e5 2. Nf3 Nc6 3. Nc3 Nf6 4. Nxe5 Nxe5 5. d4 Ng6 6. e5 Be7 7. Bc4 d5 8.
exf6 dxc4 9. fxe7 Qxe7+ 10. Be3 O-O 11. Qf3 Qb4 12. O-O-O a5 13. Qe2 b6 14. a3
Qe7 15. Qxc4 Bb7 16. d5 Qd7 17. Rhe1 h6 18. Bd4 Rfd8 19. Be5 Rac8 20. Re2 Nxe5
21. Rxe5 Qd6 22. f4 Rd7 23. Rd3 Rcd8 24. g3 Qg6 25. Nb5 c6 26. Nc3 b5 27. Qc5
b4 28. axb4 axb4 29. dxc6 Rxd3 30. cxd3 bxc3 31. cxb7 Qxd3 32. Rd5 Rxd5 33.
b8=Q+ Kh7 34. Qxd5 Qxd5 35. bxc3 Qh1+ 36. Kb2 Qxh2+ 37. Kb3 Qxg3 38. Qc7 Qg6
39. c4 Qe6 40. Kb4 h5 41. c5 h4 42. c6 h3 43. Qd7 h2 44. Qxe6 fxe6 45. c7 h1=Q
46. c8=Q Qb1+ 47. Ka3 Qa1+ 48. Kb3 Qf6 49. Qc2+ Qf5 0-1

[Event "?"]
[Site "fics rated lightning game, fi"]
[Date "1997.??.??"]
[Round "?"]
[White "Brause"]
[Black "Killerchess"]
[Result "0-1"]
[WhiteElo "2390"]
[BlackElo "2470"]
[PlyCount "132"]

1. e4 e5 2. Nf3 Nc6 3. Nc3 Nf6 4. Nxe5 Nxe5 5. d4 Ng6 6. e5 Ng8 7. Bc4 f6 8.
Qh5 Bb4 9. Bd3 N8e7 10. exf6 gxf6 11. Bh6 Rg8 12. O-O d5 13. Ne2 Kd7 14. Be3
Kc6 15. Qxh7 Bf5 16. Rad1 Kb6 17. Qf7 Qf8 18. Qxf8 Raxf8 19. c3 Bxd3 20. Rxd3
Bd6 21. Re1 Nf5 22. Ng3 Nxg3 23. fxg3 Re8 24. Rf1 Re6 25. Bh6 Rge8 26. Rdf3 Bf8
27. Bxf8 Rxf8 28. g4 Ne7 29. h4 Ng8 30. g5 Kc6 31. R1f2 Rf7 32. g6 Rg7 33. h5
Kd6 34. Kh2 Nh6 35. Kg3 Ke7 36. a3 f5 37. Kf4 Ng4 38. Rd2 Kf6 39. Rh3 Re4+ 40.
Kf3 Rge7 41. g3 Re3+ 42. Kg2 Kg5 43. Kg1 Nf6 44. Kf2 R3e6 45. Rc2 Nxh5 46. b4
c6 47. c4 dxc4 48. a4 b5 49. Rh1 Kxg6 50. Rhc1 Nf6 51. Kf3 Re3+ 52. Kg2 Ne4 53.
Kf1 bxa4 54. Rg2 c3 55. g4 Nd2+ 56. Kf2 Re2+ 57. Kg1 Re1+ 58. Rxe1 Rxe1+ 59.
Kf2 c2 60. gxf5+ Kxf5 61. Rg7 c1=Q 62. Rf7+ Kg6 63. Rf4 Rf1+ 64. Kg3 Rg1+ 65.
Kh4 Nf3+ 66. Rxf3 Qh6# 0-1

[Event "?"]
[Site "fics rated standard game, fic"]
[Date "1997.??.??"]
[Round "?"]
[White "Brause"]
[Black "Aeneas"]
[Result "0-1"]
[WhiteElo "2195"]
[BlackElo "2225"]
[PlyCount "139"]

1. e4 e5 2. Nf3 Nc6 3. Nc3 Nf6 4. Nxe5 Nxe5 5. d4 Ng6 6. e5 Ng8 7. Bc4 Bb4 8.
Qf3 Qe7 9. O-O Bxc3 10. bxc3 c6 11. a4 Nh6 12. g3 a5 13. Rd1 b6 14. Ba3 Qd8 15.
Bf1 Ba6 16. c4 Ne7 17. Rab1 O-O 18. Qb3 Rb8 19. Bg2 Re8 20. Qc3 Nhf5 21. c5 b5
22. Qd3 Qc7 23. Bc1 Qa7 24. Bf1 g6 25. Bd2 Qc7 26. Ra1 Qb7 27. Ra2 Ra8 28. axb5
cxb5 29. Bg2 Nc6 30. Bxa5 b4 31. c4 b3 32. Rb2 Nfxd4 33. Qc3 Nf5 34. Bb6 Qc8
35. Rxb3 Nxe5 36. Bxa8 Qxa8 37. Bc7 Nxc4 38. Rxd7 Qc6 39. Rd8 Rxd8 40. Bxd8
Qxc5 41. Rb8 Bc8 42. Bf6 Qc7 43. Be5 Qc6 44. Bh8 h5 45. h3 Kf8 46. Bf6 Qe6 47.
Rb4 Nfd6 48. Bg5 Kg8 49. Bh6 f6 50. Bf4 Bb7 51. Bxd6 Nxd6 52. Qd2 Bc6 53. Kh2
Kg7 54. Rf4 Nf7 55. Qc3 Ng5 56. g4 Qd6 57. Qxf6+ Qxf6 58. Rxf6 Kxf6 59. f4 Nf3+
60. Kg3 h4+ 61. Kf2 Nd4 62. f5 gxf5 63. gxf5 Nxf5 64. Kg1 Ke5 65. Kf2 Kf4 66.
Kf1 Kg3 67. Ke2 Kxh3 68. Kd3 Kg2 69. Kc4 Nd4 70. Kxd4 0-1

[Event "?"]
[Site "fics rated blitz game, fics, "]
[Date "1997.??.??"]
[Round "?"]
[White "Brause"]
[Black "wis"]
[Result "1-0"]
[WhiteElo "2355"]
[BlackElo "1935"]
[PlyCount "35"]

1. e4 e5 2. Nf3 Nc6 3. Nc3 Nf6 4. Nxe5 Nxe5 5. d4 Nc6 6. d5 Ne5 7. f4 Ng6 8. e5
Ng8 9. d6 c6 10. g3 Nh6 11. Bd3 b6 12. O-O Bb7 13. Qe2 Rg8 14. f5 Nh8 15. Ne4
c5 16. Nf6+ gxf6 17. exf6+ Be7 18. Bxh6 1-0

[Event "?"]
[Site "fics rated blitz game, fics, "]
[Date "1997.??.??"]
[Round "?"]
[White "Brause"]
[Black "noro"]
[Result "1-0"]
[WhiteElo "2275"]
[BlackElo "1890"]
[PlyCount "75"]

1. e4 e5 2. Nf3 Nc6 3. Nc3 Nf6 4. Nxe5 Nxe5 5. d4 Ng6 6. e5 Ng8 7. Bc4 c6 8.
Qe2 Bb4 9. Bxf7+ Kxf7 10. Qc4+ Ke8 11. Qxb4 N8e7 12. Ne4 Qb6 13. Nd6+ Kf8 14.
Qa3 h6 15. Qf3+ Kg8 16. c3 Kh7 17. O-O Rf8 18. Qe4 Kh8 19. f4 Nd5 20. Qxg6 Qd8
21. Nf7+ Rxf7 22. Qxf7 d6 23. f5 dxe5 24. dxe5 Qe7 25. Qxe7 Nxe7 26. g4 Bd7 27.
e6 Be8 28. f6 gxf6 29. Bxh6 Ng8 30. Bf4 Bg6 31. Rad1 Re8 32. Rfe1 Ne7 33. Rd7
Nd5 34. Bd6 Nb6 35. Rxb7 Nc4 36. Be7 Nd2 37. Bxf6+ Kg8 38. Rg7+ 1-0

[Event "?"]
[Site "fics rated blitz game, fics, "]
[Date "1997.??.??"]
[Round "?"]
[White "Brause"]
[Black "pecable"]
[Result "1-0"]
[WhiteElo "2375"]
[BlackElo "2490"]
[PlyCount "73"]

1. e4 e5 2. Nf3 Nc6 3. Nc3 Nf6 4. Nxe5 Nxe5 5. d4 Nc6 6. d5 Ne5 7. f4 Ng6 8. e5
Ng8 9. d6 cxd6 10. exd6 Qh4+ 11. g3 Qf6 12. Nb5 Rb8 13. Be3 b6 14. Bd4 Qe6+ 15.
Be2 Kd8 16. Qd3 Ba6 17. f5 Bxb5 18. Qxb5 Qxd6 19. O-O-O Qc7 20. fxg6 hxg6 21.
Be5 d6 22. Bxd6 Bxd6 23. Qe5 Ne7 24. Rxd6+ Ke8 25. Qxg7 Qxd6 26. Qxh8+ Kd7 27.
Qh4 Qe5 28. Qa4+ Kc7 29. Qxa7+ Rb7 30. Qa6 Kb8 31. Rd1 Nc8 32. Qd3 f5 33. Bf3
Rh7 34. Kb1 Qc5 35. c3 Re7 36. Qa6 Ra7 37. Qe2 1-0

[Event "?"]
[Site "fics rated blitz game, fics, "]
[Date "1997.??.??"]
[Round "?"]
[White "Brause"]
[Black "oldtimer"]
[Result "1-0"]
[WhiteElo "2385"]
[BlackElo "2075"]
[PlyCount "32"]

1. e4 e5 2. Nf3 Nc6 3. Nc3 Nf6 4. Nxe5 Nxe5 5. d4 Ng6 6. e5 Ng8 7. Bc4 d6 8.
Qf3 Qd7 9. O-O Qf5 10. Qe2 dxe5 11. f4 e4 12. Nxe4 N6e7 13. Ng5 Nh6 14. c3 Qd7
15. Bd2 Kd8 16. Bxf7 Nd5 1-0

[Event "?"]
[Site "fics rated blitz game, fics, "]
[Date "1997.??.??"]
[Round "?"]
[White "Brause"]
[Black "oldtimer"]
[Result "0-1"]
[WhiteElo "2390"]
[BlackElo "2075"]
[PlyCount "142"]

1. e4 e5 2. Nf3 Nc6 3. Nc3 Nf6 4. Nxe5 Nxe5 5. d4 Ng6 6. e5 Ng8 7. Bc4 d6 8.
Qf3 Qd7 9. O-O Qf5 10. Qe2 dxe5 11. f4 e4 12. Nxe4 N6e7 13. Ng5 Nh6 14. c3 Bd7
15. Bd3 Qg4 16. Qe1 O-O-O 17. Nxh7 Rxh7 18. Bxh7 g6 19. Qe5 Nef5 20. Bd2 Bg7
21. Qc5 Kb8 22. Qd5 Nd6 23. h3 Qe6 24. Qxe6 Bxe6 25. Rfe1 Bd5 26. b3 Rh8 27.
Bxg6 fxg6 28. Re2 Nhf5 29. Kh2 Nh4 30. Rae1 Bf6 31. Kg1 Kc8 32. Rf1 b5 33. Rfe1
Kd7 34. Rf1 Nxg2 35. Rxg2 Bxg2 36. Kxg2 Re8 37. Kf3 Nf5 38. Re1 Rxe1 39. Bxe1
Ke6 40. Ke4 Nd6+ 41. Ke3 Kf5 42. d5 Nc8 43. c4 bxc4 44. bxc4 Nb6 45. Kd3 Kxf4
46. Bf2 Be7 47. Be1 Bc5 48. Bh4 Nd7 49. Bd8 Bb6 50. Kc3 Kg3 51. h4 a5 52. Be7
Kf4 53. Kb3 Ke5 54. Ka4 Kd4 55. Kb5 a4 56. d6 cxd6 57. Kc6 Bc5 58. Kxd7 Kxc4
59. Ke6 d5 60. Bg5 d4 61. Kf7 d3 62. Kxg6 Bb4 63. h5 d2 64. Bxd2 Bxd2 65. Kf5
Kb4 66. Ke4 Ka3 67. Kd3 Bh6 68. Ke4 Kxa2 69. Kf5 Bc1 70. Ke5 Kb3 71. Ke6 Kc4
0-1

[Event "?"]
[Site "fics rated blitz game, fics, "]
[Date "1997.??.??"]
[Round "?"]
[White "Brause"]
[Black "oldtimer"]
[Result "0-1"]
[WhiteElo "2375"]
[BlackElo "2090"]
[PlyCount "91"]

1. e4 e5 2. Nf3 Nc6 3. Nc3 Nf6 4. Nxe5 Nxe5 5. d4 Ng6 6. e5 Ng8 7. Bc4 d6 8.
Qf3 Qd7 9. O-O Qf5 10. Qe2 dxe5 11. f4 e4 12. Nxe4 N6e7 13. Ng5 Nh6 14. c3 Bd7
15. Bd3 Qg4 16. Qe1 Bc6 17. Rf2 O-O-O 18. Nxh7 Rxh7 19. Bxh7 g6 20. h3 Qd7 21.
Re2 Nef5 22. Bd2 Be7 23. Qb1 Rh8 24. Bxg6 fxg6 25. Qc2 Ng3 26. Re5 Nhf5 27. Be1
Bf6 28. Ra5 b6 29. Rxa7 Kb8 30. Ra3 Re8 31. Bxg3 Nxg3 32. Qxg6 Ne2+ 33. Kh2 Qd5
34. Re1 Rg8 35. Qxg8+ Qxg8 36. Rxe2 Qc4 37. Re1 Bh4 38. Rg1 Qe2 39. d5 Bxd5 40.
c4 Be4 41. b4 Bf2 42. Rg3 Bxg3+ 43. Kxg3 Qe3+ 44. Kh4 Qxg1 45. g3 Qh2 46. a4
0-1

[Event "?"]
[Site "fics rated blitz game, fics, "]
[Date "1997.??.??"]
[Round "?"]
[White "Brause"]
[Black "oldtimer"]
[Result "1-0"]
[WhiteElo "2350"]
[BlackElo "2075"]
[PlyCount "81"]

1. e4 e5 2. Nf3 Nc6 3. Nc3 Nf6 4. Nxe5 Nxe5 5. d4 Ng6 6. e5 Ng8 7. Bc4 d6 8.
Qf3 Qd7 9. O-O Qf5 10. Qe2 dxe5 11. f4 e4 12. Nxe4 N6e7 13. Ng3 Qd7 14. c3 f5
15. Re1 Nf6 16. Qd3 c6 17. Be6 Qxe6 18. Rxe6 Bxe6 19. Bd2 Kf7 20. Re1 Rd8 21.
c4 g6 22. Qe2 Bc8 23. Qe5 c5 24. d5 Re8 25. Qc7 Bd7 26. Bc3 Neg8 27. Rxe8 Kxe8
28. Qxb7 h5 29. Qxa7 Rh7 30. Qb8+ Kf7 31. Be5 h4 32. Ne2 Ne4 33. Nc3 Ngf6 34.
Qd8 Be7 35. Qc7 Ke8 36. Qb8+ Kf7 37. d6 Bf8 38. Qd8 Be6 39. Nxe4 Nxe4 40. d7
Be7 41. Qe8# 1-0

[Event "?"]
[Site "fics rated blitz game, fics, "]
[Date "1997.??.??"]
[Round "?"]
[White "Brause"]
[Black "oldtimer"]
[Result "1-0"]
[WhiteElo "2355"]
[BlackElo "2070"]
[PlyCount "45"]

1. e4 e5 2. Nf3 Nc6 3. Nc3 Nf6 4. Nxe5 Nxe5 5. d4 Ng6 6. e5 Ng8 7. Bc4 d6 8.
Qf3 Qd7 9. O-O Qf5 10. Qe2 dxe5 11. f4 e4 12. Nxe4 N6e7 13. c3 Be6 14. Bd3 Qg4
15. Bb5+ c6 16. Nd6+ Kd7 17. Qxg4 Bxg4 18. Nxf7 cxb5 19. Nxh8 Be6 20. f5 Bc4
21. Rf3 Nf6 22. Bg5 Ned5 23. Nf7 1-0

[Event "?"]
[Site "fics rated blitz game, fics, "]
[Date "1997.??.??"]
[Round "?"]
[White "Brause"]
[Black "soft"]
[Result "1-0"]
[WhiteElo "2365"]
[BlackElo "2190"]
[PlyCount "79"]

1. e4 e5 2. Nf3 Nc6 3. Nc3 Nf6 4. Nxe5 Nxe5 5. d4 Nc6 6. d5 Ne5 7. f4 Ng6 8. e5
Ng8 9. d6 h6 10. dxc7 Qxc7 11. Nd5 Qa5+ 12. Qd2 Qc5 13. b4 Qc6 14. Bb5 Bxb4 15.
Bxc6 Bxd2+ 16. Bxd2 Rb8 17. Bb5 N8e7 18. Nxe7 Nxe7 19. Bb4 Nf5 20. O-O b6 21.
Bd3 d5 22. exd6 O-O 23. d7 Bxd7 24. Bxf8 Kxf8 25. Rae1 Be6 26. a4 Rc8 27. Re5
Nd4 28. f5 Ba2 29. Ra1 Bc4 30. Bxc4 Rxc4 31. Re4 Nxc2 32. Rxc4 Nxa1 33. Rc8+
Ke7 34. Rc7+ Kf6 35. Rxa7 Nc2 36. Rb7 Ne3 37. Rxb6+ Kxf5 38. a5 Nd5 39. Rb7 Ke6
40. a6 1-0

[Event "?"]
[Site "fics rated blitz game, fics, "]
[Date "1997.??.??"]
[Round "?"]
[White "Brause"]
[Black "earthling"]
[Result "0-1"]
[WhiteElo "2390"]
[BlackElo "2070"]
[PlyCount "141"]

1. e4 e5 2. Nf3 Nc6 3. Nc3 Nf6 4. Nxe5 Nxe5 5. d4 Nc6 6. d5 Ne7 7. e5 Nfg8 8.
d6 Nc6 9. Nb5 cxd6 10. exd6 Qf6 11. Nc7+ Kd8 12. Nxa8 Bxd6 13. c3 Nh6 14. Be2
b6 15. Qd5 Nf5 16. Qb5 Bb7 17. Nxb6 axb6 18. Qxb6+ Kc8 19. Bd2 Bc7 20. Qc5 Re8
21. Kd1 Nd6 22. f3 Re5 23. Qg1 Rd5 24. Rc1 Nf5 25. Ke1 Qe7 26. Rc2 Ba6 27. Bg5
f6 28. Bc1 Re5 29. Qf2 Kb7 30. f4 Bb6 31. Qf1 Re4 32. a4 Nfd4 33. cxd4 Nxd4 34.
Kd1 Nxe2 35. Qf3 Nd4 36. Qa3 Nxc2 37. Qxe7 Rxe7 38. Kxc2 Re2+ 39. Kc3 Rxg2 40.
b4 Be2 41. h4 Rg3+ 42. Kc2 Bd3+ 43. Kd1 Be4 44. Re1 Rd3+ 45. Bd2 d5 46. h5 Bd4
47. Ke2 Ra3 48. h6 gxh6 49. a5 Rh3 50. Kd1 Rh1 51. Rxh1 Bxh1 52. b5 h5 53. Be1
Be3 54. Ke2 d4 55. Bh4 f5 56. Bf6 Bd5 57. Kd3 Bg2 58. Ke2 Bxf4 59. Bxd4 h4 60.
a6+ Ka8 61. Bg1 h3 62. Kf2 Bd5 63. b6 h2 64. Bxh2 Bxh2 65. Ke3 Be5 66. Kd3 h5
67. Kd2 h4 68. Ke3 h3 69. Kf2 h2 70. b7+ Ka7 71. b8=R 0-1

[Event "?"]
[Site "fics rated blitz game, fics, "]
[Date "1997.??.??"]
[Round "?"]
[White "Brause"]
[Black "Nesh"]
[Result "1-0"]
[WhiteElo "2380"]
[BlackElo "1905"]
[PlyCount "69"]

1. e4 e5 2. Nf3 Nc6 3. Nc3 Nf6 4. Nxe5 Nxe5 5. d4 Ng6 6. e5 Ng8 7. Bc4 d6 8.
Qf3 Qd7 9. O-O dxe5 10. dxe5 Nxe5 11. Re1 Bd6 12. Bf4 f6 13. Bb5 c6 14. Rad1
Qe6 15. Qg3 Kf8 16. Bxe5 Bxe5 17. f4 cxb5 18. fxe5 Qb6+ 19. Re3 Bf5 20. Rd6 Qc5
21. Rd5 Qc8 22. Qf4 Ne7 23. exf6 Nxd5 24. Nxd5 Qd7 25. fxg7+ Kxg7 26. Qe5+ Kh6
27. Rh3+ Bxh3 28. Qf6+ Kh5 29. Nf4+ Kg4 30. gxh3+ Kf3 31. Nd3+ Qf5 32. Qxf5+
Ke3 33. Qe5+ Kd2 34. Qe1+ Kxc2 35. Qc3+ 1-0

[Event "?"]
[Site "fics rated blitz game, fics, "]
[Date "1997.??.??"]
[Round "?"]
[White "Brause"]
[Black "pmac"]
[Result "1/2-1/2"]
[WhiteElo "2375"]
[BlackElo "2105"]
[PlyCount "72"]

1. e4 e5 2. Nf3 Nc6 3. Nc3 Nf6 4. Nxe5 Nxe5 5. d4 Ng6 6. e5 Ng8 7. Bc4 Bb4 8.
Qf3 Qe7 9. O-O Bxc3 10. bxc3 Nh6 11. Bd3 Qh4 12. Be4 O-O 13. Bxb7 Bxb7 14. Qxb7
f5 15. Bxh6 gxh6 16. Qd5+ Rf7 17. Qxa8+ Nf8 18. Qxa7 Rg7 19. f3 Ne6 20. Qb8+
Kf7 21. Qc8 Ke7 22. d5 Nf4 23. d6+ Ke6 24. Qe8+ Kd5 25. Rfd1+ Kc5 26. Rd2 Qh3
27. g3 Rxg3+ 28. hxg3 Qxg3+ 29. Kh1 Qxf3+ 30. Kh2 Qh3+ 31. Kg1 Qg3+ 32. Kh1
Qf3+ 33. Kh2 Qh3+ 34. Kg1 Qg3+ 35. Kf1 Qf3+ 36. Kg1 Qg3+ 1/2-1/2

[Event "?"]
[Site "gics unrated blitz game, gics"]
[Date "1997.??.??"]
[Round "?"]
[White "Brause"]
[Black "Upi"]
[Result "1-0"]
[WhiteElo "2340"]
[BlackElo "2410"]
[PlyCount "87"]

1. e4 e5 2. Nf3 Nc6 3. Nc3 Nf6 4. Nxe5 Nxe5 5. d4 Ng6 6. e5 Ng8 7. Bc4 d6 8.
Qf3 Be6 9. Qxb7 dxe5 10. Bb5+ Bd7 11. Bxd7+ Kxd7 12. Qb5+ Kc8 13. dxe5 Rb8 14.
Qe2 Bb4 15. Bd2 Qd4 16. a3 Bc5 17. b4 Bb6 18. e6 fxe6 19. Qxe6+ Qd7 20. Qe2 Qe7
21. Qxe7 N8xe7 22. O-O Rd8 23. Ne4 Bd4 24. c3 Bf6 25. Rfe1 Nd5 26. Rad1 Ne5 27.
Bc1 Nc4 28. Rd3 Ndb6 29. Rh3 Re8 30. Kf1 Kb7 31. Nxf6 gxf6 32. Rxh7 Na4 33.
Rxe8 Rxe8 34. Rh4 Nab6 35. Rd4 a5 36. h4 axb4 37. cxb4 Ne5 38. h5 Kc6 39. h6
Nd5 40. a4 Kd6 41. b5 Ke6 42. f4 Ng4 43. Re4+ Kf7 44. Rxe8 1-0

[Event "?"]
[Site "gics unrated blitz game, gics"]
[Date "1997.??.??"]
[Round "?"]
[White "Brause"]
[Black "Lichtzahn"]
[Result "1-0"]
[WhiteElo "2315"]
[BlackElo "2555"]
[PlyCount "91"]

1. e4 e5 2. Nf3 Nc6 3. Nc3 Nf6 4. Nxe5 Nxe5 5. d4 Ng6 6. e5 Ng8 7. Bc4 c6 8.
Qf3 d5 9. exd6 Be6 10. Bxe6 fxe6 11. Ne4 Nf6 12. Bg5 Qa5+ 13. b4 Qxb4+ 14. c3
Qb2 15. O-O Nxe4 16. Qxe4 e5 17. dxe5 Qxc3 18. Rad1 Be7 19. dxe7 Nxe7 20. Rd3
Qc5 21. Qg4 O-O 22. Qe6+ Rf7 23. Rd7 Kf8 24. Rxb7 Re8 25. Qd6 Qa5 26. e6 Rf6
27. Bxf6 gxf6 28. Qd4 Qe5 29. Qxe5 fxe5 30. f4 Nd5 31. fxe5+ Kg8 32. Rff7 Rxe6
33. Rg7+ Kf8 34. Rxh7 Kg8 35. Rbg7+ Kf8 36. Rxa7 Kg8 37. Rhb7 Kf8 38. Ra8+ Re8
39. Rxe8+ Kxe8 40. a4 Kd8 41. a5 c5 42. e6 Nb4 43. Rxb4 cxb4 44. a6 Kc7 45. a7
Kd6 46. a8=Q 1-0

[Event "?"]
[Site "gics unrated blitz game, gics"]
[Date "1997.??.??"]
[Round "?"]
[White "Brause"]
[Black "Lichtzahn"]
[Result "0-1"]
[WhiteElo "2350"]
[BlackElo "2550"]
[PlyCount "108"]

1. e4 e5 2. Nf3 Nc6 3. Nc3 Nf6 4. Nxe5 Nxe5 5. d4 Ng6 6. e5 Ng8 7. Bc4 c6 8.
Qf3 d5 9. exd6 Be6 10. Bxe6 fxe6 11. Ne4 Qa5+ 12. Bd2 Qf5 13. h4 h5 14. c4 Qxf3
15. gxf3 Nh6 16. Bxh6 Rxh6 17. O-O-O O-O-O 18. c5 Nf4 19. Kb1 Kd7 20. Rhe1 Rg6
21. Rg1 Rxg1 22. Rxg1 g6 23. Nf6+ Kc8 24. Re1 Bg7 25. Re4 Rf8 26. Rxf4 Rxf6 27.
Re4 Rxf3 28. Rxe6 Bf6 29. Re8+ Bd8 30. Rg8 Rxf2 31. Rxg6 Bxh4 32. Rg8+ Bd8 33.
Rh8 h4 34. a3 Rd2 35. b4 a6 36. Rh7 Bf6 37. Rc7+ Kb8 38. Rf7 Bd8 39. Rd7 Kc8
40. Rh7 Re2 41. Rh8 Rf2 42. Ka1 Kd7 43. Rh7+ Ke6 44. Kb1 b5 45. Rh5 Bf6 46. Kc1
Ra2 47. Rh6 Kf5 48. d7 Bg5+ 49. Kb1 Rd2 50. Rxc6 Rxd4 51. Rxa6 h3 52. Ra8 h2
53. Rh8 Bh4 54. d8=Q h1=Q+ 0-1

[Event "?"]
[Site "gics unrated blitz game, gics"]
[Date "1997.??.??"]
[Round "?"]
[White "Brause"]
[Black "Lichtzahn"]
[Result "0-1"]
[WhiteElo "2350"]
[BlackElo "2550"]
[PlyCount "132"]

1. e4 e5 2. Nf3 Nc6 3. Nc3 Nf6 4. Nxe5 Nxe5 5. d4 Ng6 6. e5 Ng8 7. Bc4 c6 8.
Qf3 d5 9. exd6 Be6 10. Bxe6 fxe6 11. Ne4 Qa5+ 12. Bd2 Qf5 13. h4 h5 14. c4 Qxf3
15. gxf3 Nh6 16. Bxh6 Rxh6 17. O-O-O O-O-O 18. c5 Nf4 19. Kb1 Kd7 20. Rhe1 Rb8
21. Rg1 Re8 22. Rde1 Rd8 23. Rg3 Ra8 24. Re3 Ng6 25. Rh3 Rb8 26. Re1 Rd8 27.
Re3 Nf4 28. Rg3 Rb8 29. Rg5 Ng6 30. Ng3 Nxh4 31. Nxh5 Nf5 32. Re4 Re8 33. a3 b6
34. Reg4 Rc8 35. Nxg7 Rh1+ 36. Kc2 Nxg7 37. Rxg7+ Bxg7 38. Rxg7+ Kd8 39. Rxa7
bxc5 40. dxc5 Rh2 41. Rf7 Rxf2+ 42. Kc3 e5 43. b4 e4 44. f4 Ra2 45. Kd4 e3 46.
Kxe3 Rxa3+ 47. Kd4 Rca8 48. Ke5 Re3+ 49. Kf5 Rb8 50. Rc7 Rxb4 51. Rxc6 Rc4 52.
Rc7 Rec3 53. Ke6 Rxc5 54. Rd7+ Kc8 55. Re7 Rh5 56. Re8+ Kb7 57. Re7+ Kb6 58.
Kd7 Ra3 59. f5 Rf3 60. Re5 Rhxf5 61. Re4 Rf6 62. Rc4 Rd3 63. Rc6+ Kb5 64. Ke7
Kxc6 65. Kxf6 Kxd6 66. Kf5 Rd4 0-1

[Event "?"]
[Site "gics unrated blitz game, gics"]
[Date "1997.??.??"]
[Round "?"]
[White "Brause"]
[Black "Lichtzahn"]
[Result "0-1"]
[WhiteElo "2350"]
[BlackElo "2550"]
[PlyCount "223"]

1. e4 e5 2. Nf3 Nc6 3. Nc3 Nf6 4. Nxe5 Nxe5 5. d4 Ng6 6. e5 Ng8 7. Bc4 c6 8.
Qf3 d5 9. exd6 Be6 10. Bxe6 fxe6 11. Ne4 Qa5+ 12. Bd2 Qf5 13. h4 h5 14. c4 Qxf3
15. gxf3 Nh6 16. Bxh6 Rxh6 17. O-O-O O-O-O 18. c5 Nf4 19. Kb1 Kd7 20. Rhe1 Rg6
21. Ng5 Rf6 22. Nh7 Rf7 23. Ng5 Rf5 24. Re5 Rf6 25. Ne4 Rg6 26. Rg5 Rh6 27. Re1
Ng6 28. Rh1 Re8 29. Rhg1 Nxh4 30. Rxg7+ Bxg7 31. Rxg7+ Kd8 32. Ng5 Rg6 33. Nf7+
Kc8 34. d7+ Kxd7 35. Ne5+ Kc8 36. Nxg6 Nf5 37. Rh7 Rg8 38. Nf4 Nxd4 39. Nh3
Nxf3 40. Rxh5 Rf8 41. Kc2 Rf7 42. Kd3 Kd7 43. Rh8 e5 44. Ke4 b6 45. Rb8 Kc7 46.
Ra8 Kb7 47. Rg8 bxc5 48. b3 Kb6 49. Rg3 Nd4 50. Rg2 Re7 51. Ng5 Kb5 52. Rh2 Ne2
53. f3 Ng3+ 54. Kd3 Rd7+ 55. Kc3 Rg7 56. Nh3 e4 57. fxe4 Nxe4+ 58. Kd3 Nd6 59.
Nf4 c4+ 60. Kd4 cxb3 61. axb3 Re7 62. Nd3 Nf5+ 63. Kc3 Ng3 64. Rh8 Ne4+ 65. Kc2
Kb6 66. Rh6 a5 67. Nf4 Rd7 68. Nd3 Rd5 69. Re6 Nc5 70. Nxc5 Kxc5 71. Kc3 Rg5
72. Re3 Rf5 73. Rg3 Rf4 74. Rg5+ Kb6 75. Kd3 a4 76. Ke3 Rb4 77. bxa4 Rxa4 78.
Rg6 Kb5 79. Rg8 c5 80. Rb8+ Kc4 81. Rc8 Ra1 82. Kf4 Re1 83. Kf3 Kb4 84. Rb8+
Kc3 85. Rb5 c4 86. Kf2 Re7 87. Rb8 Kc2 88. Rc8 c3 89. Kg3 Kd2 90. Rd8+ Ke3 91.
Rc8 Rg7+ 92. Kh2 Kd2 93. Rd8+ Kc1 94. Rc8 c2 95. Kh3 Rd7 96. Kg4 Kd2 97. Kf5
c1=Q 98. Rxc1 Kxc1 99. Ke6 Rd8 100. Ke7 Rd4 101. Ke6 Kc2 102. Kf6 Kd3 103. Kf5
Re4 104. Kf6 Ke3 105. Kf5 Kf3 106. Kf6 Kg4 107. Kg6 Rf4 108. Kh7 Kf5 109. Kh6
Rg4 110. Kh5 Re4 111. Kh6 Re7 112. Kh5 0-1